IV Festival de Música Antiga de Poblet : direcció Jordi Savall : 14-15-16 d'agost 2016 direcció Jordi Savall : 14-15-16 d'agost 2016
Descripción Física:
51 pàgines : il·lustracions (algunes en color) ; 21 cm
Materias:
Monestir de Santa Maria de Poblet
; Festivals de música -- Programes
; Música -- Fins al 500
Idioma:
Catalán
MARC
| LEADER | 00000nam a22000007a 4500 | ||
|---|---|---|---|
| 001 | 25780 | ||
| 008 | 220513b spa||||| |||| 00| 0 cat d | ||
| 017 | |a DL B 18151-2016 | ||
| 080 | |a Bib-611 | ||
| 111 | |a Festival de Música Antiga de Poblet |9 53211 |n (4t : |d 2016 : |c Poblet, Catalunya) | ||
| 245 | |a IV Festival de Música Antiga de Poblet : |b direcció Jordi Savall : 14-15-16 d'agost 2016 | ||
| 246 | 2 | 2 | |a Quart Festival de Música Antiga de Poblet |
| 260 | |a Poblet : |b Monestir de Poblet, |c 2016 | ||
| 300 | |a 51 pàgines : |b il·lustracions (algunes en color) ; |c 21 cm | ||
| 610 | 2 | 0 | |a Monestir de Santa Maria de Poblet |9 52909 |
| 650 | 0 | |9 52910 |a Festivals de música |x Programes | |
| 650 | 0 | |9 52911 |a Música |y Fins al 500 | |
| 710 | 2 | |a Monestir de Santa Maria de Poblet |9 52909 | |
| 942 | |2 udc |c ARXIU |n 1 | ||
| 952 | |0 0 |1 0 |4 0 |6 BIB611 |7 1 |9 62172 |a Arxiu |b Arxiu |d 2022-06-03 |l 0 |o Bib-611 |p 25780 |r 2022-06-03 00:00:00 |w 2022-06-03 |y ARXIU | ||
| 999 | |c 81860 |d 81860 | ||